[Event "Challenge"]
[Site "http://www.queenalice.com/game.php?id=906062"]
[Date "2011.2.26"]
[Round "-"]
[White "almirjoe"]
[Black "ro_reinert"]
[Result "1-0"]
[WhiteElo "1435"]
[BlackElo "949"]

1. e4 e5 2. Bc4 Qe7 3. Nf3 d6 4. d3 Nc6 5. Nc3 Nf6 6. Be3 Be6 7. Ng5 h6 8. Nf3
O-O-O 9. a4 g5 10. a5 a6 11. Qb1 Nb4 12. O-O Ng4 13. Ra4 Nc6 14. d4 b5 15. axb6
Kb7 16. d5 cxb6 17. Bxa6+ Kb8 18. Bxb6 Bg7 19. dxc6 Rc8 20. Qa1 Rxc6 21. Bc8
Rcxc8 22. Ra8+ Kb7 23. Qa6+ Kc6 24. Bd8+ Kd7 25. Qxc8+ Ke8 26. Qc6+ Bd7 27. Ba5+
Qd8 28. Rxd8+ Ke7 29. Qxd7+ Kf6 30. Qxd6# 1-0

[Event "Mayntru"]
[Site "http://www.queenalice.com/game.php?id=910609"]
[Date "2011.3.9"]
[Round "-"]
[White "nereu"]
[Black "almirjoe"]
[Result "0-1"]
[WhiteElo "1514"]
[BlackElo "1420"]

1. e4 Nc6 2. Nf3 Nf6 3. Nc3 e5 4. Bc4 d6 5. O-O Nh5 6. d3 Qf6 7. Bg5 Qg6 8. Qd2
f6 9. Nh4 fxg5 10. Nxg6 hxg6 11. Qxg5 Nf4 12. Rfd1 Be7 13. Qg3 Nd4 14. Bb5+ c6
15. Bc4 d5 16. Bb3 Nde2+ 17. Nxe2 Nxe2+ 18. Kf1 Nxg3+ 19. hxg3 Bg4 20. f3 Be6
21. a3 Kd7 22. exd5 cxd5 23. Re1 Raf8 24. Rxe5 Rh1+ 25. Kf2 Rxa1 26. c3 Rb1 27.
Re2 Rh8 28. c4 d4 29. Ba4+ Kc8 30. Rxe6 Rhh1 31. Rxe7 Rhf1+ 32. Ke2 Rfe1+ 0-1

[Event "Mayntru 2"]
[Site "http://www.queenalice.com/game.php?id=910610"]
[Date "2011.3.9"]
[Round "-"]
[White "almirjoe"]
[Black "nereu"]
[Result "0-1"]
[WhiteElo "1500"]
[BlackElo "1498"]

1. e4 c5 2. Nc3 Nc6 3. Qh5 g6 4. Qxc5 e6 5. Qc4 Nf6 6. Nf3 Bh6 7. Be2 Qc7 8. Nb5
Qb6 9. Nd6+ Ke7 10. Qd3 Ng4 11. b3 Qxf2+ 12. Kd1 Qxg2 13. Rf1 Nf2+ 14. Ke1 Nxd3+
15. Bxd3 Kxd6 16. Ba3+ Kc7 17. h4 Ne5 18. Nxe5 Qxd2# 0-1

[Event "Challenge"]
[Site "http://www.queenalice.com/game.php?id=911265"]
[Date "2011.3.10"]
[Round "-"]
[White "almirjoe"]
[Black "pietro42re"]
[Result "0-1"]
[WhiteElo "1444"]
[BlackElo "1055"]

1. b3 Nc6 2. Bb2 Na5 3. Qc1 Nxb3 4. cxb3 d5 5. Bc3 Bf5 6. Qb2 e5 7. Bxe5 Nh6 8.
Bxg7 Be4 9. Bxh8 Bxb1 10. Rxb1 d4 11. d3 f6 12. Nf3 Qd5 13. Rc1 Qa5+ 14. b4 Qf5
15. Nxd4 Qd5 16. Nf3 a5 17. Qxf6 Qxa2 18. Qxh6 Bxh6 19. d4 Qb2 20. Rd1 Qc3+ 21.
Nd2 Bxd2+ 22. Rxd2 axb4 23. e3 b3 24. d5 Qxh8 25. Bb5+ c6 26. dxc6 Ra1+ 27. Rd1
Rxd1+ 28. Kxd1 b2 29. c7+ Ke7 30. Kc2 Kd6 31. c8=Q Qxc8+ 32. Kxb2 Qf5 33. Rd1+
Kc5 34. Bd3 Qxf2+ 35. Kb3 Qxe3 36. Rc1+ Qxc1 37. Bxh7 Qc4+ 38. Kb2 Kb4 39. g3
Qc3+ 40. Kb1 Ka3 41. g4 Qb2# 0-1

[Event "Challenge"]
[Site "http://www.queenalice.com/game.php?id=911266"]
[Date "2011.3.10"]
[Round "-"]
[White "pietro42re"]
[Black "almirjoe"]
[Result "0-1"]
[WhiteElo "1031"]
[BlackElo "1425"]

1. Na3 c5 2. Nh3 d6 3. Ng5 f6 4. Nf3 Nc6 5. Nb5 Qa5 6. e4 Be6 7. Nc7+ Qxc7 8.
Nh4 Qa5 9. a4 g5 10. c3 gxh4 11. Ra3 O-O-O 12. Rb3 Qxa4 13. d3 Bxb3 14. Qg4+ Kb8
15. Qxh4 Ne5 16. d4 Nd3+ 17. Bxd3 Ba2 18. O-O cxd4 19. cxd4 Qxd4 20. Bc2 Rc8 21.
Rd1 Qb6 22. Rd3 Rxc2 23. Rd2 Rxc1+ 24. Rd1 Rc2 25. Qf4 e5 26. Qf5 Qxb2 27. Qd7
a6 28. Qxd6+ Bxd6 0-1

[Event "Challenge"]
[Site "http://www.queenalice.com/game.php?id=911711"]
[Date "2011.3.12"]
[Round "-"]
[White "sioux"]
[Black "almirjoe"]
[Result "1-0"]
[WhiteElo "1593"]
[BlackElo "1457"]

1. e4 d6 2. Bc4 e5 3. d3 f6 4. Bxg8 c6 5. Bb3 d5 6. exd5 cxd5 7. Nf3 Qd7 8. Nbd2
Qg4 9. g3 Qh3 10. Bxd5 Bb4 11. c3 Bc5 12. Ng1 Qg2 13. Bxg2 O-O 14. Ngf3 Rd8 15.
b4 Be7 16. O-O Rxd3 17. Qc2 Rd8 18. a4 Bg4 19. h3 Bh5 20. a5 a6 21. g4 Bg6 22.
Qb3+ Kf8 23. Ne1 Nc6 24. b5 Bd3 25. Ba3 Be2 26. Bxe7+ Kxe7 27. bxc6 bxc6 28.
Qb7+ Ke6 29. Qxc6+ Kf7 30. Qc7+ Ke8 31. Bxa8 Rxd2 32. Bc6+ Kf8 33. Rb1 1-0

[Event "almirjoe"]
[Site "http://www.queenalice.com/game.php?id=915496"]
[Date "2011.3.21"]
[Round "-"]
[White "almirjoe"]
[Black "DWGM9"]
[Result "0-1"]
[WhiteElo "1461"]
[BlackElo "1832"]

1. e4 c5 2. Bc4 e6 3. Nh3 a6 4. Qh5 b5 5. Be2 Bb7 6. d3 Nf6 7. O-O Nxh5 8. Bxh5
g6 9. Bf3 Bg7 10. Bg5 Qb6 11. Nc3 Nc6 12. Rfe1 Nd4 13. Rac1 Nxf3+ 14. Kf1 Nxe1
15. Rxe1 O-O 16. b3 Bxc3 17. Re3 Bd4 18. Rf3 f5 19. Bh6 Rf7 20. Ng5 Re7 21. exf5
Bxf3 22. f6 Bxg2+ 23. Kxg2 Bxf6 24. Nf3 Bg7 25. Bxg7 Kxg7 26. d4 cxd4 27. Nxd4
Qxd4 28. c3 Qg4+ 29. Kf1 Rf8 30. f3 Rxf3+ 31. Ke2 Rxc3+ 32. Kd2 Qd4+ 33. Ke2
Qd3+ 34. Kf2 Rf7+ 35. Ke1 Rf1# 0-1

[Event "almirjoe"]
[Site "http://www.queenalice.com/game.php?id=915497"]
[Date "2011.3.21"]
[Round "-"]
[White "almirjoe"]
[Black "boxchov"]
[Result "0-1"]
[WhiteElo "1502"]
[BlackElo "1645"]

1. e4 e5 2. Bc4 Nf6 3. Nf3 Nxe4 4. Nxe5 d6 5. Nxf7 Qh4 6. g3 Qh3 7. d3 Bg4 8. f3
Qg2 9. Rf1 Bh3 10. fxe4 Qxf1+ 11. Kd2 Qg2+ 12. Kc3 Qxh2 13. Qh5 g6 14. Qg5 Nc6
15. b3 Bg7+ 16. d4 Bxd4+ 17. Kd3 Bf1# 0-1

[Event "almirjoe"]
[Site "http://www.queenalice.com/game.php?id=915498"]
[Date "2011.3.21"]
[Round "-"]
[White "boxchov"]
[Black "almirjoe"]
[Result "1-0"]
[WhiteElo "1710"]
[BlackElo "1473"]

1. e4 c6 2. Nc3 Nf6 3. Nf3 e5 4. g3 d5 5. exd5 e4 6. Nd4 c5 7. Ndb5 Bg4 8. Be2
a6 9. Na3 Bd6 10. Bxg4 O-O 11. Bf5 b5 12. Nxe4 Re8 13. d3 b4 14. Nc4 Nxd5 15.
Qh5 g6 16. O-O gxh5 17. Nexd6 Re2 18. Bh6 Nc6 19. Ne4 Nd4 20. Ncd6 Qf6 21. Nxf6+
Kh8 22. Nxf7# 1-0

[Event "Challenge"]
[Site "http://www.queenalice.com/game.php?id=915683"]
[Date "2011.3.21"]
[Round "-"]
[White "almirjoe"]
[Black "renet54"]
[Result "0-1"]
[WhiteElo "1450"]
[BlackElo "1484"]

1. e4 c5 2. d4 cxd4 3. Bc4 Nf6 4. e5 Ne4 5. Qh5 Qa5+ 6. c3 d5 7. Bd3 g6 8. Qe2
Bg7 9. b4 Qc7 10. c4 O-O 11. Bxe4 dxe4 12. Qxe4 Bxe5 13. Nf3 Rd8 14. Nxe5 f5 15.
Bf4 fxe4 16. O-O Nc6 17. Nd2 Nxb4 18. Rab1 Qc5 19. Nxe4 Qa5 20. Nf3 Bf5 21. Neg5
Bxb1 22. Rxb1 Qxa2 23. Re1 d3 24. g3 Rac8 25. Ne6 d2 26. Rd1 Rd7 27. Rxd2 Qb1+
28. Kg2 Rxc4 29. Ne5 Qe4+ 30. f3 Rxd2+ 31. Bxd2 Qxe5 32. Bxb4 Rc2+ 33. Kg1 Qe3+
34. Kf1 Qf2# 0-1

[Event "lucas57"]
[Site "http://www.queenalice.com/game.php?id=915961"]
[Date "2011.3.22"]
[Round "-"]
[White "almirjoe"]
[Black "Dano0"]
[Result "1-0"]
[WhiteElo "1435"]
[BlackElo "1241"]

1. b3 d5 2. Bb2 Nf6 3. e3 Nc6 4. Bb5 Bg4 5. f3 Bd7 6. Ne2 e5 7. O-O Bd6 8. f4 a6
9. Bxc6 Bxc6 10. fxe5 Bxe5 11. Rf5 Bxb2 12. Nbc3 Bxa1 13. Re5+ Kf8 14. Qxa1 g5
15. Rxg5 Ne4 16. Rf5 Nxd2 17. Qd1 Bd7 18. Rxd5 c6 19. Rxd2 Rg8 20. Rxd7 Qc8 21.
Qd6+ Kg7 22. Nf4 h6 23. Qe5+ Kh7 24. Rxf7+ Rg7 25. Qxg7# 1-0

[Event "almirjoe"]
[Site "http://www.queenalice.com/game.php?id=922661"]
[Date "2011.4.6"]
[Round "-"]
[White "jhonatansouza"]
[Black "almirjoe"]
[Result "1-0"]
[WhiteElo "1604"]
[BlackElo "1422"]

1. e4 e5 2. Nf3 d6 3. Bc4 c5 4. O-O Qf6 5. c3 Qg6 6. d3 Bh3 7. Ng5 Bd7 8. Qb3
Be7 9. Bxf7+ Kf8 10. Bxg6 hxg6 11. Qf7# 1-0

[Event "almirjoe"]
[Site "http://www.queenalice.com/game.php?id=922662"]
[Date "2011.4.6"]
[Round "-"]
[White "almirjoe"]
[Black "jhonatansouza"]
[Result "1-0"]
[WhiteElo "1412"]
[BlackElo "1613"]

1. e4 e5 2. Bc4 Nf6 3. d4 d5 4. exd5 exd4 5. Qxd4 Be7 6. Nf3 O-O 7. Ng5 c5 8.
Qd3 a6 9. b3 b5 10. Bxb5 axb5 11. Bb2 Nxd5 12. Qxh7# 1-0

[Event "SANTOS III"]
[Site "http://www.queenalice.com/game.php?id=927734"]
[Date "2011.4.19"]
[Round "-"]
[White "perucona"]
[Black "almirjoe"]
[Result "0-1"]
[WhiteElo "1416"]
[BlackElo "1402"]

1. e4 e5 2. d4 exd4 3. Qxd4 Nc6 4. Qd5 Nb4 5. Qb3 Qe7 6. c3 Nd3+ 7. Ke2 Nxc1+ 8.
Kd2 Nxb3+ 9. axb3 d6 10. Na3 Qxe4 11. f3 Qd5+ 12. Kc2 Bf5+ 13. Kc1 Qxb3 14. Nc2
Qxc2# 0-1

[Event "Angelo X Almir"]
[Site "http://www.queenalice.com/game.php?id=931379"]
[Date "2011.4.28"]
[Round "-"]
[White "neosukita"]
[Black "almirjoe"]
[Result "0-1"]
[WhiteElo "1632"]
[BlackElo "1461"]

1. d4 d5 2. c4 e6 3. Nc3 dxc4 4. Nf3 Bb4 5. e4 f5 6. e5 c5 7. Bxc4 Nc6 8. Bb5
Qa5 9. Bxc6+ bxc6 10. O-O cxd4 11. Nxd4 c5 12. Nc6 Qa6 13. Nxb4 cxb4 14. Na4 Qc6
15. Be3 Bb7 16. f3 Rd8 17. Qb3 Rd5 18. Qxb4 Rxe5 19. Bd4 Re4 20. Nc5 Ne7 21.
Nxe4 fxe4 22. Bxg7 Rg8 23. Be5 exf3 24. Rf2 Rxg2+ 0-1

[Event "Challenge"]
[Site "http://www.queenalice.com/game.php?id=1203470"]
[Date "2013.7.29"]
[Round "-"]
[White "almirjoe"]
[Black "leitura"]
[Result "0-1"]
[WhiteElo "1484"]
[BlackElo "1651"]

1. e4 e6 2. d4 d5 3. exd5 exd5 4. Qh5 Nf6 5. Qe5+ Kd7 6. Nc3 Bd6 7. Qg5 g6 8.
Qh6 Qf8 9. Qh3+ Kd8 10. Bg5 Bxh3 0-1